000 00233nam a2200097Ia 4500
008 241105s9999 xx 000 0 und d
041 _aeng
100 _aShah P.
245 _aHospice At Pune
260 _bFinal Year B. Arch, BNCA
_c2014
999 _c360856
_d360856